[Event "Munich SKA"]
[Site "Munich"]
[Date "1994.05.31"]
[Round "9"]
[White "Bareev, Evgeny"]
[Black "Lobron, Eric"]
[Result "1-0"]
[WhiteElo "2685"]
[BlackElo "2570"]
[Annotator "Stohl,I"]
[PlyCount "77"]
[EventDate "1994.05.21"]
[EventType "tourn"]
[EventRounds "11"]
[EventCountry "GER"]
[EventCategory "16"]
[SourceTitle "CBM 042"]
[Source "ChessBase"]
[SourceDate "1994.10.01"]
[SourceVersion "1"]
[SourceVersionDate "1994.10.01"]
[SourceQuality "1"]

1. d4 Nf6 2. c4 e6 3. Nc3 c5 4. d5 exd5 5. cxd5 d6 6. e4 g6 7. h3 Bg7 8. Nf3 a6
9. a4 Nbd7 10. Bd3 Qe7 11. O-O O-O 12. Be3 $5 {/\Qd2,Rab1,b4} (12. Re1 Nh5 $5 (
12... h6 $6 13. Bf4 Nh7 14. Qd2 g5 15. Bg3 Ne5 16. Nxe5 Bxe5 17. Bxe5 Qxe5 18.
Nb1 $1 Bd7 19. a5 $1 Rab8 20. Na3 Qd4 21. Qc3 Rfc8 22. Rac1 Qxc3 23. bxc3 $16 {
Chernin,A-Lobron,E/Dortmund/1990/}) 13. g4 (13. Bg5 $5 $14) 13... Nhf6 14. Bg5
(14. Bf4 h5 $5 $132) 14... Ne5 15. Nxe5 Qxe5 16. Bh4 h5 17. Bg3 Qe7 18. f3 Nd7
$1 19. f4 g5 20. e5 gxf4 21. e6 Ne5 $1 22. Bxf4 fxe6 $17 {Bezold,M-Manor,I/Tel
Aviv ASA/1994/}) (12. a5 Rb8 13. Re1 Re8 14. Bf1 Nh5 15. Ra4 b5 $1 16. axb6
Rxb6 17. Ra2 Ne5 18. Nh2 Qf6 19. Be3 Nf4 20. Ng4 Nxh3+ $1 21. gxh3 Nf3+ 22. Kg2
Nxe1+ 23. Qxe1 Qh4 $40 {Dzevlan,M-Lejlic,S/JUG-ch/1991/}) (12. Bf4 Nh5 13. Bg5
Bf6 14. Be3 Ne5 15. Be2 Nxf3+ 16. Bxf3 Ng7 17. Qd2 Bd7 18. a5 Kh8 19. Rfe1 Rae8
20. Rab1 Qd8 21. Ne2 Be5 22. b4 c4 23. Bd4 $14 {Ionov,S-Szalanczy,E/Dortmund
op-A/1992/}) 12... h6 13. Re1 Re8 14. Qd2 (14. Rb1 g5 $5 15. Nd2 Ne5 16. Bf1 g4
$132) 14... Qf8 (14... g5 $5 15. Rab1 (15. Nh2 Ne5 16. Bf1 Ng6 $132) (15. e5 $5
dxe5 16. d6 Qf8 (16... Qxd6 $4 17. Bh7+) 17. Bc2 $44) 15... g4 16. hxg4 (16.
Nh4 Ne5 $36) 16... Nxg4 17. Bf4 Nde5 18. Nxe5 Nxe5 19. Bf1 $14) 15. Rab1 $14 g5
16. b4 g4 17. hxg4 Nxg4 18. Bf4 b6 (18... Nde5 $142 19. Be2 Nxf3+ 20. Bxf3 Ne5
21. Be2 $14) 19. bxc5 bxc5 20. Ne2 $1 {/\Ng3,><f5,h5} Nde5 21. Nxe5 Nxe5 (21...
dxe5 22. Bg3 $16) 22. Ng3 $16 Ng6 23. Be3 Nh4 24. Rb6 f5 (24... Bh3 25. Bf1 $1
Reb8 26. Rxb8 Rxb8 27. Qd1 $1 Bd7 28. Qh5 Ng6 29. Nf5 $40) 25. exf5 Nxf5 26.
Bxf5 Bxf5 27. Nxf5 Qxf5 28. Rxd6 c4 29. Rc1 (29. Bxh6 $2 c3 30. Rxe8+ Rxe8 31.
Qc1 (31. Qg5 Qxg5 32. Bxg5 Re1+ 33. Kh2 Be5+ $19) 31... Rb8 $1 $19) 29... c3 (
29... Rac8 30. Bxh6 c3 31. Qf4 $16) 30. Rxc3 $1 (30. Qc2 Qxc2 31. Rxc2 Reb8 $44
) 30... Bxc3 (30... Rab8 31. Rc1 Rb2 32. Qe1 $16 (32. Qd1 $2 Rxe3 $1)) 31. Qxc3
Rac8 32. Rc6 Rxc6 33. dxc6 Kh7 (33... Qb1+ 34. Kh2 Qf5 35. f3 $16) 34. c7 Qe6
35. a5 h5 (35... Rc8 $142) 36. Qc5 Qg4 37. f3 Qh4 38. Qc2+ $1 $18 (38. c8=Q
Rxc8 39. Qxc8 Qe1+ 40. Kh2 Qxe3 $16) 38... Kg7 39. Qc3+ {/\Bf2} 1-0

[Event "Baden-Baden"]
[Site "Baden-Baden"]
[Date "1992.12.12"]
[Round "7"]
[White "Lutz, Christopher"]
[Black "Lobron, Eric"]
[Result "1-0"]
[WhiteElo "2550"]
[BlackElo "2625"]
[Annotator "Stohl,I"]
[PlyCount "80"]
[EventDate "1992.12.??"]
[EventType "tourn"]
[EventRounds "11"]
[EventCountry "GER"]
[EventCategory "14"]
[SourceTitle "CBM 033"]
[Source "ChessBase"]
[SourceDate "1993.04.01"]
[SourceVersion "1"]
[SourceVersionDate "1993.04.01"]
[SourceQuality "1"]

1. d4 Nf6 2. c4 e6 3. Nf3 c5 4. d5 exd5 5. cxd5 d6 6. Nc3 g6 7. e4 Bg7 8. h3
O-O 9. Bd3 a6 (9... b5 $5 10. Nxb5 Re8 $44) 10. a4 Nbd7 11. O-O Re8 (11... Rb8
12. Re1 Qc7) 12. Bf4 Qe7 (12... c4 13. Bc2 Qc7 14. a5 (14. Re1 Rb8 15. Qd2 b6
16. Be3 Bb7 17. Rad1 Ba8 18. Nd4 Nc5 19. Bh6 Bh8 20. Kh1 $14 {(),De Boer,
GJ-Moskalenko,O,Wijk II 1992-CBM 28}) 14... Rb8 15. Re1 b5 16. axb6 Rxb6 17.
Ra2 Nh5 18. Bc1 Nc5 19. Qe2 Bd7 20. Qxc4 Bb5 21. Nxb5 axb5 22. Qb4 $16 {
Bronstein,D-Moskalenko,O,Wijk II 1992-CBM 28}) 13. Bh2 $1 {N} (13. Re1 Nh5 14.
Bh2 Ne5 (14... Bf6 $6 15. Qd2 $1 Ne5 16. Nxe5 dxe5 17. a5 Bg5 18. Qc2 Bd7 19.
Na4 $16 {Krasenkov,M-Kovacevic,S,St.Barbara 1992}) 15. Be2 Bd7 16. a5 Kh8 17.
Qd2 Rab8 18. Rad1 b6 19. g4 Nf6 20. Nxe5 dxe5 21. f4 Ng8 22. f5 Bh6 $132 {
Lobron,E-Maus,So,SKA Hamburg 1991-CBM 24}) 13... h6 (13... Nh5 14. g4 Nhf6 15.
Re1 {/\e5|^[+]}) 14. Re1 Nh7 15. a5 Rb8 (15... Ne5 16. Nxe5 Bxe5 17. f4 Bd4+
18. Kh1 $16 {/\e5[+]}) 16. Qc2 Nhf8 (16... b5 17. axb6 Rxb6 18. Nd2 Ne5 19.
Bxe5 $1 Bxe5 20. Nc4 $16 {/\Ne5,Ba6}) 17. Rad1 (17. Nd2 Ne5 18. Bf1 g5 $1 $13)
17... b5 (17... g5 18. e5 $1 Nxe5 19. Nxe5 Bxe5 20. Bxe5 dxe5 21. d6 $16 {/\Ne4
}) 18. axb6 Rxb6 19. Ra1 $16 Qf6 $6 (19... Ne5 20. Nxe5 Bxe5 21. f4 Bd4+ 22.
Kh1 $36) 20. Nd2 $1 Ne5 21. Bf1 (21. Bxe5 $5 $16 {/\Nc4}) 21... Qe7 (21... g5
22. Bxe5 Qxe5 (22... dxe5 23. Nc4 $16) 23. Nc4 Rxb2 24. Qxb2 Qxc3 25. Qxc3 Bxc3
26. Nxd6 $16) 22. f4 Ned7 23. Nf3 (23. Nc4 $5 Rb4 24. e5 $16) 23... Nh7 24. Kh1
Qd8 25. e5 $1 {[+]->>>} dxe5 26. fxe5 Ng5 27. Nxg5 Qxg5 28. Ne4 Qd8 (28... Qh4
29. Bg3 Qd8 30. e6 $18) 29. e6 $1 (29. Nd6 $6 Rxe5 $14 {<=>}) 29... fxe6 30.
Nd6 $18 Rxd6 (30... e5 31. Qxg6 $18) (30... Rf8 31. dxe6 $18) 31. Bxd6 exd5 (
31... Qf6 32. dxe6 Rxe6 $2 33. Rxe6 Qxe6 34. Bc4 $18) 32. Qxg6 Nf6 $8 33. Bxc5
Be6 34. Bd3 Bf7 35. Qf5 Qc8 (35... d4 36. Rxe8+ Bxe8 37. Re1 $18) 36. Rxe8+
Qxe8 37. Bd4 Be6 38. Qf3 Qd8 39. Rf1 Ne8 40. Bxg7 Nxg7 (40... Nxg7 41. Qf4 {
/\Qh6-h7# [Stohl]}) 1-0

[Event "St Petersburg op"]
[Site "St Petersburg"]
[Date "1994.??.??"]
[Round "4"]
[White "Avrukh, Boris"]
[Black "Anastasian, Ashot"]
[Result "0-1"]
[WhiteElo "2425"]
[BlackElo "2545"]
[Annotator "Stohl,I"]
[PlyCount "92"]
[EventDate "1994.02.??"]
[EventType "swiss"]
[EventRounds "9"]
[EventCountry "RUS"]
[SourceTitle "CBM 041"]
[Source "ChessBase"]
[SourceDate "1994.08.01"]
[SourceVersion "1"]
[SourceVersionDate "1994.08.01"]
[SourceQuality "1"]

1. d4 Nf6 2. c4 e6 3. Nf3 c5 4. d5 exd5 5. cxd5 d6 6. Nc3 g6 7. h3 Bg7 (7... a6
8. a4 Qe7 9. Bf4 Nbd7 10. Nd2 Ne5 11. e4 Bg7 12. Be2 O-O 13. O-O Nfd7 14. Bg3
g5 15. Qc2 Re8 16. a5 Nf8 17. f4 (17. Na4 $5) 17... gxf4 18. Bxf4 Nfg6 19. Bh2
Rb8 20. Ra3 b5 21. axb6 Rxb6 22. Kh1 Bh6 23. Nd1 Rb4 $13 {Lalic,B-Spraggett,K/
Zagreb Vukovar/1993/}) 8. e4 O-O 9. Bd3 a6 (9... Re8 10. O-O c4 11. Bc2 Bd7 12.
Bf4 Qb6 13. Rb1 Na6 14. b4 cxb3 15. Rxb3 Qc7 16. Nd4 $1 (16. Re1 $6 Nc5 17. Rb1
Nh5 18. Bd2 Rac8 19. Rc1 b5 20. a3 a5 21. Ne2 Qb6 22. Be3 Qb8 23. Nd2 Bb2 24.
Rb1 Bxa3 $15 {Polgar,Zsu-Ljubojevic,L/Monaco Amber 25'/1994/}) 16... Rad8 17.
Ndb5 Bxb5 18. Nxb5 Qe7 19. Re3 Nh5 20. Bh2 Nc5 21. g4 Nf6 22. Rfe1 Bh6 23. R3e2
$16 {Azmaiparashvili,Z-Ljubojevic,L/Groningen PCA/1993/}) (9... b6 10. O-O Ba6
11. Re1 c4 $6 12. Bf1 b5 13. b4 $1 cxb3 (13... Nxe4 14. Nxe4 Bxa1 15. Bg5 f6
16. Bh6 $40) 14. axb3 b4 15. Bxa6 Nxa6 16. Rxa6 bxc3 17. Ba3 Re8 18. Qd3 Rc8
19. Rxd6 Qe7 20. e5 c2 21. Rc1 Nd7 22. e6 fxe6 23. Rxc2 Rxc2 24. Qxc2 exd5 25.
Rxd5 $1 $16 {Babula,V-Vokac,M/CR-ch/1994/}) 10. a4 Re8 11. O-O Nbd7 12. Bf4 c4
13. Bc2 Nc5 (13... Qc7 $142 14. a5 Rb8 $14) 14. Re1 Rb8 $146 (14... Qb6 $5 15.
Rb1 $5 (15. a5 Qxb2 16. Ra2 Qxc3 17. Bd2 Qb3 $5 18. Bxb3 cxb3 $44) (15. Qd2
Nfd7 $132) 15... Bd7 (15... Nfd7 16. Nd2 {><c4}) 16. Qd2 Rad8 17. a5 $1 Qc7 18.
e5 dxe5 19. Bxe5 Qxa5 20. Qd4 Rxe5 21. Nxe5 Nb3 22. Qf4 b5 23. Bxb3 cxb3 24. g4
$16 {Costa,JL-Goldstern,F/Suhr op/1992/}) 15. e5 $1 Nh5 (15... dxe5 16. Nxe5
$16 {/\Nc4,Nf7}) 16. Be3 (16. Bg5 f6 $8 17. exf6 Rxe1+ 18. Qxe1 Bxf6 19. Bxf6
Nxf6 $13 {/\b5}) (16. Bh2 $1 $16 {/\ed6,g4}) 16... Nd3 $5 17. Bxd3 cxd3 18.
exd6 (18. g4 dxe5 19. gxh5 e4 $44) 18... Qxd6 19. Qxd3 Bd7 20. Qd2 (20. Bd4 $5
Nf4 (20... Nf6 $2 21. Be5) 21. Qd2 $36) 20... Qb4 21. Bd4 Nf6 $1 $14 22. Ne5
Red8 23. Qe3 (23. Nxd7 $6 Rxd7 24. Qf4 Rbd8 $10) 23... Rbc8 (23... Qxb2 $2 24.
Reb1 Qc2 25. Ra2 Qf5 26. g4 $18) 24. Red1 (24. Re2 $5 {/\} Bf5 25. g4 Nxd5 $2
26. Nxd5 Rxd5 27. Bc3 $18) (24. Nxd7 Rxd7 25. Rad1 Nxd5 26. Nxd5 Rxd5 $10)
24... Bf5 25. g4 $6 Bc2 $1 26. g5 {><f5} (26. Rd2 Bb3 {><d5,>>}) 26... Ne8 27.
Rd2 Nd6 $1 $44 28. Nxf7 $5 (28. Rxc2 Nf5 29. Qe4 Qxd4 $1 30. Qxd4 Nxd4 $19) (
28. Na2 Qxa4 $17) (28. f4 Nf5 29. Qf2 Nxd4 30. Qxd4 Qxb2 31. Ne2 $17) 28... Re8
$1 (28... Nf5 29. Qe6 $1 {/\} Nxd4 30. Nh6+ Kh8 31. Qg8+ $1 $18) 29. Qf3 (29.
Qf4 Nxf7 $19) (29. Ne5 Nc4 (29... Nf5 30. Qf4 Qxd4 $1 $19) 30. Qf4 (30. Qf3
Bxe5 $19) (30. Nxc4 Rxe3 31. Nxe3 Qxb2 32. Nxc2 Bxd4 $19) 30... Rf8 $1 $19 (
30... Nxd2 $4 31. Qf7+ Kh8 32. Nxg6+ $18)) 29... Nxf7 30. Bxg7 Nxg5 $1 31. Qg3
$2 (31. Qg4 $2 Qxg4+ 32. hxg4 Nf3+) (31. Qf6 $1 $8) 31... Qxb2 32. Rb1 $8 (32.
Rf1 Kxg7) 32... Rxc3 $1 33. Rxb2 Rxg3+ 34. fxg3 Nf3+ 35. Kf2 (35. Kg2 Nxd2 36.
Rxc2 Re2+ 37. Kh1 Kxg7 38. d6 Kf7 $19) (35. Kh1 Nxd2 36. Rxc2 Re1+ 37. Kg2 Re2+
$19) 35... Nxd2 36. Rxc2 Ne4+ $19 37. Kf3 Kxg7 38. Rc7+ Kf6 39. Rxb7 (39. Rxh7
b5 $19) 39... Ng5+ 40. Kg2 Re2+ 41. Kf1 Re7 42. Rb6+ Ke5 43. Rxa6 Nxh3 44. Rb6
Ng5 45. a5 Ra7 46. a6 Ne4 0-1

[Event "Monaco m"]
[Site "Monte Carlo"]
[Date "1994.??.??"]
[Round "7"]
[White "Piket, Jeroen"]
[Black "Ljubojevic, Ljubomir"]
[Result "1/2-1/2"]
[WhiteElo "2560"]
[BlackElo "2560"]
[Annotator "Stohl,I"]
[PlyCount "82"]
[EventDate "1994.04.??"]
[EventType "match"]
[EventRounds "8"]
[EventCountry "MNC"]
[SourceTitle "CBM 042"]
[Source "ChessBase"]
[SourceDate "1994.10.01"]
[SourceVersion "1"]
[SourceVersionDate "1994.10.01"]
[SourceQuality "1"]

1. d4 Nf6 2. c4 g6 3. Nc3 Bg7 4. e4 d6 5. Nf3 O-O 6. h3 c5 7. d5 e6 8. Bd3 exd5
9. cxd5 Re8 10. O-O c4 11. Bxc4 Nxe4 12. Nxe4 Rxe4 13. Bg5 (13. Bd3 Re8 14. Bg5
Qa5 (14... Qb6 15. Re1 Bd7 16. Rxe8+ Bxe8 17. Rc1 Nd7 18. b3 Ne5 19. Be2 Nxf3+
20. Bxf3 Bd4 21. Qd2 Bd7 22. Rc4 Be5 23. Be3 Qd8 24. Qc1 b6 25. Bf4 $14 {
Epishin,V-Haist,W/Baden-Baden op/1990/}) 15. Re1 Bd7 $5 16. Rxe8+ (16. Qb3 $5
$14) 16... Bxe8 17. Qe1 (17. Qb3 Qb6 18. Re1 Nd7 $10) 17... Qxe1+ 18. Rxe1 Nd7
19. Bb5 Nf6 20. Bc4 {0,5/Ribli,Z-Gschnitzer,O/BL 9091/1991/}) 13... Qf8 $5 $146
(13... Qb6 14. Nd2 Re8 15. Re1 Rxe1+ 16. Qxe1 Bd7 17. Ne4 Qxb2 18. Rd1 $1 $16
Ba4 19. Qa5 Qe5 20. Re1 Nd7 21. Nf6+ {1-0/Junge,R-Gschnitzer,O/Bad Woerishofen/
1991/}) (13... Qa5 14. Bd3 Re8 {-13.Bd3}) 14. Qc2 Re8 15. Rae1 Bf5 (15... Bd7
16. Rxe8 Qxe8 17. Re1 Qc8 18. Qe2 Na6 19. Bf4 $36) 16. Qb3 (16. Rxe8 $5 Qxe8 (
16... Bxc2 17. Rxf8+ Bxf8 (17... Kxf8 18. Re1 $16 {><d6}) 18. Nd4 $36) 17. Qb3
$32 $14) 16... Nd7 17. Rxe8 Qxe8 (17... Rxe8 $5 18. Qxb7 Nc5 19. Qxa7 Bxb2 20.
Re1 Be4 $132) 18. Qxb7 Nb6 (18... Qc8 19. Qc6 $1 $16) 19. Bb3 Bxb2 20. Re1 Qc8
(20... Qd7 21. Qa6 {/\Re7|^}) 21. Qe7 Qd7 22. Bf4 $6 (22. Qe3 $142 $1 {
/\Nd4-c6,g4}) 22... Bc3 23. Re3 Qxe7 24. Rxe7 Bf6 $1 25. Rc7 Bd8 26. Rc1 (26.
Rc6 Bd7 $1 27. Bxd6 (27. Rxd6 Be7 $15) 27... Bxc6 28. dxc6 Kg7 $44) 26... a5 $1
27. Bxd6 a4 $10 28. Bc2 Rc8 29. Nd4 $8 Nxd5 (29... Bxc2 $5 30. Rxc2 Rxc2 31.
Nxc2 Nxd5 32. Kf1 f5 $10) 30. Nxf5 gxf5 31. Re1 Rxc2 (31... Ba5 32. Bxf5 $1 Rd8
33. Be7 Re8 34. Re5 $14) 32. Re8+ Kg7 33. Rxd8 Nc3 (33... Kf6 $5 34. a3 $10)
34. Bf8+ (34. Be5+ f6 35. Bxc3 Rxc3 36. Rd4 Rc1+ 37. Kh2 Rc2 $10) 34... Kg6 35.
a3 Ne4 36. Be7 f4 $1 (36... Rxf2 $2 37. Rg8+ Kh6 38. Bg5+ $1 Kh5 39. g4+ $18)
37. Rd4 Kf5 38. Bh4 Ke5 39. Rxa4 Rc1+ 40. Kh2 Nd2 $1 41. g3 f3 {/\Nf1=} 1/2-1/2

[Event "Helsinki op"]
[Site "Helsinki"]
[Date "1992.??.??"]
[Round "3"]
[White "Sakaev, Konstantin"]
[Black "Lyrberg, Patrik"]
[Result "1-0"]
[WhiteElo "2540"]
[BlackElo "2425"]
[Annotator "Stohl,I"]
[PlyCount "103"]
[EventDate "1992.09.??"]
[EventType "swiss"]
[EventRounds "9"]
[EventCountry "FIN"]
[SourceTitle "CBM 032"]
[Source "ChessBase"]
[SourceDate "1993.02.01"]
[SourceVersion "1"]
[SourceVersionDate "1993.02.01"]
[SourceQuality "1"]

1. d4 Nf6 2. c4 e6 3. Nf3 c5 4. d5 exd5 5. cxd5 d6 6. Nc3 g6 7. e4 a6 8. h3 b5
9. Bd3 Bg7 10. O-O O-O 11. a3 (11. Bf4 Bb7 (11... b4 12. Na4 Bd7 13. a3 Re8 14.
Re1 Bxa4 $2 15. Qxa4 bxa3 16. Rxa3 Nfd7 17. b4 $1 cxb4 18. Qxb4 Nc5 19. Bb5 Re7
20. Bc6 $16 {Polgar,Z-Sax,G,Aruba 1992,CBM 30}) 12. Re1 Qb6 13. Rc1 Nbd7 14. b3
$5 Nh5 15. Be3 Qa5 16. Qd2 Rfe8 17. a4 c4 $5 18. bxc4 bxc4 19. Bxc4 Rac8 20.
Nd1 $14 {Vyzhmanavin,A-Suba,M,Copenhagen Unibank 1991}) 11... Re8 (11... Nh5 $5
12. Bg5 Qc7 13. Qd2 Nd7 14. Rac1 Bb7 15. Rfe1 Rae8 16. b4 Bc8 17. Bh6 c4 18.
Bc2 Ne5 19. Nd4 Bxh6 20. Qxh6 Qb6 $132 {Levitt,J-Suba,M,Dublin Telecom 1991,TD
91_08}) 12. Re1 Ra7 $6 13. Be3 $1 {N} (13. Bf4 Rae7 14. Qc2 b4 15. axb4 cxb4
16. Na4 Bd7 17. Re3 Bb5 18. Nd2 Nh5 19. Bh2 Bh6 20. Re2 f5 $36 {Yurtaev,
L-Yudasin,L,URS FL56 Simferopol 1988,CBM 11}) 13... Nbd7 (13... Rae7 14. e5 $1
dxe5 (14... Rxe5 15. Nxe5 Rxe5 16. Bf4 Rxe1+ 17. Qxe1 b4 18. axb4 cxb4 19. Ne4
Nxd5 20. Bg5 $16) 15. Bxc5 Rd7 16. d6 $5 (16. Nxe5 $2 Rxd5 $3 17. Nxd5 Qxd5 $17
) 16... Nc6 17. Ne4 $14 {->}) 14. Rc1 Ra8 (14... Rc7 15. Bf4 Nb6 (15... c4 $6
16. Bc2 (16. Bxd6 $5 $36) 16... Nc5 17. e5 dxe5 18. Rxe5 $1 $16) 16. Qd2 $14)
15. Bf4 c4 16. Bc2 Nc5 17. Qd2 $36 {(),[+]} Qb6 18. Rcd1 Nfd7 19. Be3 Bb7 20.
Bd4 f6 $6 (20... Bxd4 $8 21. Qxd4 Ne5 22. Nxe5 dxe5 $5 23. Qe3 Nd7 $14) 21. Nh2
Re7 22. Nf1 Rae8 23. Ne3 Bh6 24. f3 Qc7 25. Qf2 Bg7 {/\Ne5-d3} (25... Ne5 26.
Ng4 $1 Nxg4 27. hxg4 $16) 26. f4 $1 $8 {ץg7} Qb6 27. Qg3 a5 (27... Bc8 28. h4
$40) 28. a4 $1 $16 bxa4 (28... b4 29. Nxc4 Qa6 30. Nb5 $18 {><d6}) 29. Nxc4 Qa6
30. Ne3 Qb6 31. Nxa4 Qb4 32. Nc3 Ba6 (32... Qxb2 $2 33. Rb1 Qa3 34. Nc4 $18)
33. h4 Nf8 (33... Qxb2 $5 34. h5 Nf8 35. Rb1 Qa3 36. hxg6 hxg6 37. Ng4 $40) 34.
f5 $1 $18 {><f6} Ncd7 35. Ba4 Bc8 36. Rf1 Rxe4 $5 (36... Qxb2 37. Qxd6 $18) 37.
Nc2 $1 (37. Nxe4 Rxe4 38. Bxd7 Bxd7 $16) 37... Qc4 38. b3 Qc7 39. Nxe4 Rxe4 40.
Bc6 Ne5 41. Ne3 Bb7 (41... Nxc6 42. dxc6 Qxc6 43. fxg6 $18) 42. Bxb7 Qxb7 43.
Nc4 Qxd5 44. Bxe5 Qc5+ 45. Bd4 $1 Rxd4 46. Rxd4 Qxd4+ 47. Qf2 Qc3 48. Qe3 Qb4
49. Qb6 $6 (49. Qd3 $18) 49... d5 (49... Qc3 50. Qe3 $1 (50. Nxd6 Bh6 $132)
50... Qb4 51. Qd3 $18) 50. Qxb4 axb4 51. Nb6 d4 52. Rd1 1-0

[Event "Sigeman & Co 09th"]
[Site "Malmo"]
[Date "2001.06.13"]
[Round "2"]
[White "Cramling, Pia"]
[Black "Wedberg, Tom Birger"]
[Result "1-0"]
[WhiteElo "2496"]
[BlackElo "2505"]
[Annotator "Stohl,I"]
[PlyCount "129"]
[EventDate "2001.06.12"]
[EventType "tourn"]
[EventRounds "9"]
[EventCountry "SWE"]
[EventCategory "13"]
[SourceTitle "CBM 084"]
[Source "ChessBase"]
[SourceDate "2001.09.13"]
[SourceVersion "1"]
[SourceVersionDate "2001.09.13"]
[SourceQuality "1"]

1. d4 {Hecht} Nf6 2. Nf3 e6 3. c4 c5 4. d5 d6 5. Nc3 exd5 6. cxd5 g6 7. h3 Bg7
8. e4 O-O 9. Bd3 Nh5 {A rare move, recommended by John Watson in his "Guide to
the Modern Benoni" as a playable alternative to the heavily analysed main line
with} (9... b5 $5 {Here current theory promises Black an uneasy sort of
equality, but no winning chances at all. The text move on the other hand
represents a more restrained approach, but personally I prefer White's
chances-if Black misses his chance for active <=>, he may well end up with a
very passive position.}) 10. O-O Nd7 11. Bg5 (11. Re1 $5 a6 12. a4 Ne5 13. Be2
Nxf3+ 14. Bxf3 Qh4 15. Bxh5 gxh5 16. Qf3 f5 17. Qf4 Qf6 18. Qg5 f4 19. Qxh5 Qe7
20. Ne2 Qxe4 21. Bxf4 $1 Rf5 22. Qh4 Bd7 23. Qg3 Kh8 24. Bxd6 Qxd5 25. Rad1 Qc6
26. Qe3 Re8 27. Qd2 $14 {Lazarev,E-Poluljahov,A/Simferopol/1989/}) 11... Bf6
12. Be3 (12. Bh6 $143 Re8 $5 (12... Bg7 13. Bxg7 (13. Qd2 $5) 13... Kxg7 $142 (
13... Nxg7 14. Qd2 f6 15. Be2 Qe7 16. Rfe1 Ne5 17. Rab1 b6 18. b4 g5 19. bxc5
bxc5 20. Nb5 Ng6 21. Bf1 Nf4 22. Kh2 Ne8 23. g3 Ng6 24. Na3 Ne5 25. Bg2 Qg7 26.
Nxe5 fxe5 27. Nc4 $16 {1-0 Fries Nielsen,J-Maus,S/Bundesliga 8889/1989/}) 14.
Qd2 Qf6 $132 {J.Watson}) 13. g4 (13. Qd2 a6 14. g4 Ng7 15. a4 Qc7 16. Kg2 c4
17. Bc2 Rb8 18. Nd4 Nc5 19. g5 Qd7 $1 20. Rh1 Bd8 21. Bxg7 Kxg7 22. f4 Ba5 23.
Rae1 Kg8 24. Qd1 Qd8 $1 25. h4 Qb6 $36 {Zaichik,G-Romanishin,O/Tbilisi/1988/})
13... Bg7 14. Bg5 Nhf6 15. Re1 a6 16. Qd2 b5 17. Qf4 Qe7 18. a3 h5 19. Qg3 hxg4
20. hxg4 {Atalik,S-Hansen,C/Thessaloniki olm/1988/} c4 21. Bf1 Ne5 22. Nxe5
dxe5 $11) 12... Re8 (12... a6 13. a4 Re8 {transposes to a more usual position.
Nevertheless, even here White should be better after} 14. g4 $5 Ng7 15. Re1 Ne5
(15... Qc7 $14) (15... b6 $142 $5 {[%cal Ya8a7] /\Ra7 which can lead to a
similar position as in the game.}) 16. Nxe5 Bxe5 17. f4 Bd4 18. Qf3 Qh4 $6 19.
Kg2 f5 20. exf5 gxf5 21. g5 Nh5 22. Bd2 Bd7 {Aseev,K-Luther,T/Leningrad/1989/}
23. Be2 $1 Ng7 24. Rf1 {[%cal Rd2e1] Be1+-}) 13. Qd2 ({Too soft is} 13. Nd2 Bd4
$1 14. Re1 (14. Bxd4 cxd4 15. Ne2 Nc5 16. Qc2 f5 $132) 14... Bxe3 15. Rxe3 Ne5
16. Bf1 Nf4 17. Nf3 a6 18. a4 h6 19. a5 Rb8 20. Kh2 g5 21. Nxe5 Rxe5 22. g3 Ng6
23. Bg2 b6 $13 {Sokolov,I-Wedberg,T/Malmo/2001/}) (13. g4 $5 Ng7 14. Re1 $14 {
was already indicated above and can lead to the game position.}) 13... a6 14.
a4 b6 15. Rfe1 Ra7 $5 16. g4 {White chooses the >> as her arena of activity,
but an alternative was} (16. Rab1 {[%cal Yb2b4] /\b4} Rc7 17. Qe2 $1 $14) 16...
Ng7 17. Bf4 (17. Kg2 $142 $5 {()/\} Ne5 18. Nxe5 Bxe5 19. f4 $36) 17... Ne5 18.
Nxe5 Bxe5 (18... dxe5 $5 19. Be3 Be7 {[%cal Ye7d6,Yf7f5] /\Bd6,f5<=>}) 19. Bxe5
dxe5 (19... Rxe5 20. f4 $16 {[%csl Gd5,Ge4,Gf4] [+]}) 20. Qe3 f5 (20... Rc7 21.
Bc4 $14) 21. exf5 gxf5 22. f4 $6 {Now Black activates his pieces faster than
White.} (22. a5 $142 $1 e4 (22... fxg4 23. Qh6 Nf5 24. Qxb6 $16) 23. Bc4 b5 $5
24. Qxc5 Rf7 25. Ba2 $36 (25. Bf1 $14)) 22... Rae7 $1 (22... exf4 23. Qxf4 $13)
23. fxe5 Rxe5 24. Qg3 ({Materially White is well off after} 24. Qxe5 Rxe5 25.
Rxe5 Qh4 26. Re3 $8 fxg4 $40 {but his K is in danger, as the R are
uncoordinated.}) 24... Rxe1+ 25. Rxe1 Rxe1+ 26. Qxe1 fxg4 27. Ne4 Nh5 $6 {
After this loss of time White's activity will balance Black's material
advantage. White would have a more difficult time proving his compensation
after} (27... Kh8 28. d6 gxh3 $15) ({or simply} 27... gxh3 28. Qg3 Bf5 $15) 28.
d6 (28. hxg4 Bxg4 29. d6 $44) 28... gxh3 29. Bc4+ Kg7 30. Qc3+ Kg6 (30... Kh6
$5 31. Qe5 (31. Qe3+ Kg7 32. Qc3+ $11) 31... Qh4 32. d7 Qg4+ (32... Bxd7 33.
Qd6+ Nf6 34. Qxf6+ Qxf6 35. Nxf6 Bxa4 36. Bxa6 $14) 33. Kf2 Qg2+ (33... Bxd7
34. Qd6+ Be6 $1 35. Bxe6 Qf4+ 36. Qxf4+ Nxf4 37. Bc4 $14) 34. Ke3 Qg1+ 35. Kd2
Bxd7 36. Qd6+ Qg6 37. Qf8+ Qg7 38. Qd6+ $11) 31. Qe5 Bf5 $2 {[%mdl 8192] A
tactical mistake, now White's attack will be too strong. Black should have
gone for active <=> with} (31... Qh4 32. Qe8+ Kf5 (32... Kh6 33. Qf8+ Ng7 34.
Qf6+ Qxf6 35. Nxf6 $16) 33. d7 Qg4+ (33... h2+ 34. Kh1 Bb7 35. Qe6+ Kf4 36. Bd5
Bxd5 37. Qxd5 Qe1+ 38. Kxh2 Qe2+ 39. Kg1 Qe1+ 40. Kg2 Qe2+ 41. Nf2 $18) 34. Kf2
Qg2+ 35. Ke1 Qg1+ $11 {<=>}) 32. Bf7+ Kxf7 33. Qxf5+ Nf6 $8 {Hecht: '[#]
Ideales Zusammenspiel von Dame, Springer und Freibauer'} 34. Ng5+ $1 {Even
stronger than} (34. d7 Qg8+ (34... Qxd7 35. Qxf6+ Kg8 36. Qg5+ $16 {/\} Qg7 37.
Nf6+ Kh8 38. Qxg7+ Kxg7 39. Nd7 $18) 35. Kf2 Qg2+ 36. Ke3 Qg1+ 37. Ke2 Qg2+ 38.
Kd1 Qg1+ 39. Kc2 Ke7 40. Qxf6+ (40. Nxf6 $2 Qg6 $19) 40... Kxd7 41. Qd6+ $16)
34... Kg8 $8 (34... Ke8 {Hecht} 35. Qe6+ Kf8 36. Qf7#) 35. Qe6+ Kg7 36. Qf7+
Kh8 (36... Kh6 37. Ne6 Qh8 38. Kh2 $22 c4 (38... Nd5 39. Ng7 $1 $18) 39. Kxh3
c3 40. bxc3 Nh5 41. Qf8+ $18) 37. Qe6 Kg7 38. Qf7+ Kh8 39. d7 $1 $18 {'!'
Hecht.} h2+ (39... Qxd7 $2 40. Qf8+ Ng8 41. Nf7+ $18) (39... h6 $142 40. Ne6
Qxd7 41. Qxf6+ Kg8 42. Qg6+ Kh8 43. Qxh6+ Kg8 44. Qg6+ Kh8 45. Qf6+ Kg8 46. Kh2
$5 $18) 40. Kh1 {[%cal Rg5e6] /\Ne6 Probably a reflexive last move before the
time control.} (40. Kxh2 $142 h6 (40... Qc7+ $6 41. Kh1 Qc6+ 42. Kg1 $18) (
40... Qb8+ 41. Kh3 Qd6 42. Qe8+ $1 Nxe8 43. Nf7+ $18) 41. Ne6 $18) 40... h6 41.
Ne6 Qxd7 42. Qxf6+ Kg8 43. Qg6+ Kh8 44. Qxh6+ Kg8 45. Qg6+ Kh8 46. Qf6+ Kg8 47.
Kxh2 b5 (47... Qd2+ 48. Kg3 Qe3+ 49. Kg4 Qg1+ (49... Qe2+ {Hecht} 50. Kg5 Qg2+
51. Kh6 Qh3+ 52. Kg6 Qd3+ 53. Qf5 c4 54. Kf6 Qxf5+ 55. Kxf5 b5 56. axb5 axb5
57. Nc7 b4 58. Nd5 c3 59. Nxc3 bxc3 60. bxc3 Kf7 61. Ke5 Ke7 62. Kd5 Kd7 63.
Kc5 Kc7 64. c4 $18) 50. Kf5 Qf2+ 51. Nf4 Qc2+ 52. Kg5 $18 Qxa4 53. Qe6+ Kg7 54.
Qe7+ Kg8 55. Ne6 {mates.}) 48. Qg6+ {Hecht: 'Turniertaktik: Einfahren von
Bonussekunden....'} Kh8 49. Qh6+ Kg8 50. Qg6+ Kh8 51. Qf6+ Kg8 52. axb5 axb5
53. Qg6+ Kh8 54. Qf6+ Kg8 55. Qg5+ Kf7 56. Nxc5 {'+-' Hecht.} Qd4 (56... Qc7+
57. Kh3 Qc8+ 58. Kg3 {/\} Qc7+ 59. Qf4+ $18) 57. Qf5+ Ke7 58. Qe6+ Kd8 59. Qb6+
Ke7 60. Qxb5 {White calmly cashes in, as all his pieces are protected and
there is no perpetual.} Qf2+ 61. Kh1 Qg3 (61... Qe1+ 62. Kg2 Qd2+ 63. Kf3 $18)
(61... Qf3+ 62. Kg1 Qg3+ 63. Kf1 $18) 62. Qd7+ Kf8 63. Ne6+ Kg8 64. Qe8+ Kh7
65. Qh5+ (65. Qh5+ Kg8 66. Qg5+ $18) 1-0